| 000 | nkm a22 c 4500 | ||
|---|---|---|---|
| 999 |
_c210305 _d210305 |
||
| 003 | BLK | ||
| 005 | 20210211094717.0 | ||
| 008 | 180412b bul rap|r|||| r0| ||bulo| | ||
| 010 | _aKNG00163867000 | ||
| 040 | _aBLK | ||
| 041 |
_aBUL _cBUL _hDEU _hFRE _hRUS |
||
| 080 |
_aРелигиозна живопис _b75.046 _x(497.2) _z75.046(497.2) |
||
| 100 | 1 |
_aКойнова-Арнаудова, Лозинка _eпърви автор _9387219 |
|
| 139 |
_aКойнова-Арнаудова, Лозинка _bК 75 |
||
| 245 | 1 | 0 |
_aИкони от Мелнишкия край _cЛозинка Койнова-Арнаудова; сн. Иван Кръстев. |
| 257 | _aBGR | ||
| 260 |
_bСептември _c1980 _aСофия |
||
| 300 |
_a132 с. _bс ил. _c35 см |
||
| 380 | _a7 | ||
| 500 | _aБиблиогр. с. 130. - 4 500 тир. | ||
| 650 | 4 |
_aЖивопис, религиозна _9276521 |
|
| 650 | 4 |
_aИкони, български - албуми _9351287 |
|
| 651 | 4 |
_aБългария _9241624 |
|
| 653 | _aрелигиозна живопис | ||
| 653 | _aикони | ||
| 653 | _aМелник | ||
| 700 | 1 |
_aКръстев, Иван _eсн. _gИванов, Иван Кръстев _9365122 |
|
| 852 |
_aЦб ІІ 26659 _bЦб |
||
| 856 | 4 |
_qpdf _u |
|
| 856 | 4 |
_qpdf _u |
|
| 942 |
_cGRA _n0 _s1 |
||
| 944 |
_aCR _c04.08.2014 _l04.08.2014 - от С1,Р / 04.08.2014 _kКамелия_Данева |
||
| 944 |
_aED _c2021-02-11 _l04.08.2014 - от С1,Р / 04.08.2014 _kХристина Везирева |
||
| 999 | _d210305 | ||